000 005470000a22001810004500
001 768714001
003 CO-MdFUSB
005 20170505153558.0
008 170505s1991 sp ||||| |||| 00| 0 spa d
040 _aCO-MdFUSB
_bspa
_cCO-MdFUSB
_dCO-MdFUSB
041 _aspa
100 1 _aWhite, John (1924-)
_eautor
245 1 0 _aDerrotando al mundo de lo oculto
300 _aVolumen 2, (1991) Páginas 28 - 39
_c21 cm.
546 _aTexto en español
773 0 _tAndamio
_049451
_960425
_gVolumen 2, (1991) Páginas 28 - 39
_qPágina 28
942 _cANA
999 _c59576
_d59576